La civilización bizantina

Uloženo v:
Podrobná bibliografie
Hlavní autor: Runciman, Steven (Autor)
Médium: Kniha
Jazyk:španělština
Vydáno: Madrid Pegaso 1942
Edice:Historia, 1
Témata:
Tagy: Přidat tag
Žádné tagy, Buďte první, kdo vytvoří štítek k tomuto záznamu!

MARC

LEADER 00000nam a2200000 a 4500
001 UCO2205
003 CL-VaPUC
008 000602e19420000SP |||||||||||||||||spa|d
082 0 4 |a 949.5  |b RUN  |2 21 
100 0 |a Runciman, Steven  |e author  |9 445154 
245 1 3 |a La civilización bizantina 
300 |a 285 Pp 
942 |c BK 
945 |d 20000602 00:00:00  |a rherrera 
260 |a Madrid  |b Pegaso  |c 1942 
650 0 |a Civilización bizantina  |9 341169 
650 7 |a BIZANCIO  |2 CL-VaPUC  |9 433642 
650 0 |a Imperio Bizantino  |9 315386 
650 0 |a Religión   |9 255164 
650 0 |a Iglesia   |9 255004 
650 0 |a Arte bizantino  |9 267895 
650 0 |a Comercio  |9 255341 
583 |a last modification  |c 20000602 00:00:00  |k Rodrigo Vera 
490 0 |a Historia, 1 
999 |c 288744  |d 288742 
952 |0 0  |1 0  |4 0  |6 949_500000000000000_RUN_1942  |7 0  |8 X  |9 336656  |a BIBHIS  |b BIBHIS  |d 2019-11-20  |i 1283553  |l 2  |o 949.5 RUN 1942  |p 1283553  |r 2024-08-20  |s 2024-08-20  |w 2019-11-20  |y BK_X  |k HIS